Simon Dale (Record no. 186909)

000 -LEADER
fixed length control field 01314 a2200169 4500
003 - CONTROL NUMBER IDENTIFIER
control field Nust
005 - DATE AND TIME OF LATEST TRANSACTION
control field 20230529110024.0
040 ## - CATALOGING SOURCE
Transcribing agency Nust
082 ## - DEWEY DECIMAL CLASSIFICATION NUMBER
Classification number 808.83,HOP
100 ## - MAIN ENTRY--PERSONAL NAME
Personal name Hope Anthony
9 (RLIN) 107570
245 ## - TITLE STATEMENT
Title Simon Dale
Statement of responsibility, etc. Anthony Hope
260 ## - PUBLICATION, DISTRIBUTION, ETC.
Place of publication, distribution, etc. London
Name of publisher, distributor, etc. George G
300 ## - PHYSICAL DESCRIPTION
Extent 345:p
505 ## - FORMATTED CONTENTS NOTE
Formatted contents note The child of prophecy (Page-7), The way of youth (Page-19), The music of the world (Page-30), Cydaria revealed (Page-42), I am forbidden to forget (Page-54), An invitation to court (Page-68), What came of honesty (Page-82), Madness magic and moonshine (Page-96), Of gems and pebbles (Page-109), Je viens, tu viens, il vient (Page-124), The gentlemen from Calais (Page-138), The deference of his grace and duke (Page-153), The meed of curiosity (Page-168), The king’s cup (Page-184), M. De Perrencourt whispers (Page-198), M. De perrencourt wonders (Page-212), What befell my last guinea (Page-227), Some mighty silly business (Page-243), A night on the road (Page-258), The vicar’s proposition (Page-270), The strange comjuncture of two gentlemen (Page-282), The device of lord carford (Page-295), A pleasant penitence (Page-308(Page-), A comedy before the king (Page-323), The mind of M. De fontelles (Page-335), I come home (Page-347).
650 ## - SUBJECT ADDED ENTRY--TOPICAL TERM
Topical term or geographic name entry element A novel
9 (RLIN) 107173
942 ## - ADDED ENTRY ELEMENTS (KOHA)
Source of classification or shelving scheme
Koha item type Book
Holdings
Withdrawn status Lost status Source of classification or shelving scheme Damaged status Not for loan Permanent Location Current Location Shelving location Date acquired Full call number Barcode Date last seen Price effective from Koha item type Public note
          Military College of Signals (MCS) Military College of Signals (MCS) General Stacks 12/12/2016 808.83,HOP MCS29891 12/08/2016 12/12/2016 Book Almirah No.56, Shelf No.6
© 2023 Central Library, National University of Sciences and Technology. All Rights Reserved.